000 00565nam a22001932 4500
001 0000007024
005 20151217152020.0
008 071108s xx 000 0 eng d
020 _a0198568215 :
_cKES 10740
040 _aKABU
_cKABU
245 1 0 _aConcepts in spin electronics /
_ced. by Sadamichi Maekawa.
260 _aOxford :
_bO. U. P.,
_c2006.
300 _axiv, 398 p.
650 0 _aSpintronics.
_@0000158046
700 1 _a Maekawa, Sadamichi.
_@0000158047
908 _a071108
950 _@1
999 _c7347
_d7347